000 00655nam a2200205Ia 4500
001 19832
003 GE_BSU
008 181216s||||||||xx |||||||||||||| ||und||
040 _cGE_BSU
245 _aДипломатическая служба. №5(68) 2016.
245 _bНаучно-практический журнал
245 _cГл. ред. Винокуров владимир иванович
260 _aМосква
260 _c2016
300 _a72стр ; 30см.
653 _aДипломатическая служба. №5(68) 2016.
653 _aПериодика
653 _aპერიოდიკა
942 _cCR
999 _c52802
_d52802